| 000 | 003270000a22000970004500 | ||
|---|---|---|---|
| 100 | 1 | _aHorrell, David G. | |
| 245 | 1 | 0 | _aThe product of a petrine circle? : A ressessment of the origin and character of 1 Peter |
| 300 | _aVol. 24, Núm 4 (2002), Páginas 29-60 | ||
| 773 | 0 | _tJournal for the Study of the New Testament | |
| 942 | _cANA | ||
| 999 |
_c55520 _d55520 |
||